Ostře sledovaná soutěž
Politika súťaže - najviac sledovaná oblasť spoločného záujmu členských krajín EÚ. Dôsledky slabej konkurencie (monopoly, vyššie ceny, monopolný zisk, strata efektívnosti, rast nezamestnanosti a inflácie...). Zákon o ochrane hospodárskej súťaže v ČR. Dohody narušujúce súťaž, spájanie podnikov (fúzie)...
Na minha lista:
| Autor principal: | |
|---|---|
| Formato: | Capítulo de Livro |
| Idioma: | tcheco |
| Assuntos: | |
| Tags: |
Sem tags, seja o primeiro a adicionar uma tag!
|
MARC
| LEADER | 00000naa a2200000 4500 | ||
|---|---|---|---|
| 001 | r016821 | ||
| 005 | 20221208130755.4 | ||
| 041 | 0 | |a cze | |
| 044 | |a CZ | ||
| 245 | 1 | 0 | |a Ostře sledovaná soutěž |c Petr Wawrosz |
| 520 | |a Politika súťaže - najviac sledovaná oblasť spoločného záujmu členských krajín EÚ. Dôsledky slabej konkurencie (monopoly, vyššie ceny, monopolný zisk, strata efektívnosti, rast nezamestnanosti a inflácie...). Zákon o ochrane hospodárskej súťaže v ČR. Dohody narušujúce súťaž, spájanie podnikov (fúzie), dominantné a monopolné postavenie - narušenie hospodárskej súťaže. Dumping a súťaž. Štátna pomoc a podpora súťaže. Budúcnosť súťaže. | ||
| 610 | 2 | 0 | |a súťaž hospodárska |
| 610 | 2 | 0 | |a konkurencia |
| 610 | 2 | 0 | |a monopoly |
| 610 | 2 | 0 | |a fúzie |
| 610 | 2 | 0 | |a dumping |
| 610 | 2 | 0 | |a zákony |
| 610 | 2 | 0 | |a Česko |
| 610 | 2 | 0 | |a Európska únia |
| 100 | 1 | |a Wawrosz, Petr | |